Villes du Monde en F (Difficile) - Statistiques

Statistiques générales
  • Ce quiz a été pris 134 fois
  • Le résultat moyen est 7 sur 20
Statistiques - réponses
Hint Réponse % Correct
Ville japonaise tristement célèbre pour son incident nucléaire Fukushima
90%
Ville du sud de la Seine-et-Marne, connu pour son château Fontainebleau
74%
Ville de l'est du Var, souvent associé à Saint-Raphaël Fréjus
72%
Ville française qui accueille une prison dans l'Essonne Fleury-Mérogis
50%
Ville japonaise de 1,5 millions d'habitants, situé au nord de Kyuushuu Fukuoka
46%
Sous-préfecture de la Moselle Forbach
44%
Cinquième ville la plus peuplée du Texas Fort Worth
44%
Troisième plus grande ville du Pakistan Faisalabad
40%
Ville du centre de l'Alaska, situé à quelques dizaines de kilomètres de College Fairbanks
39%
Ville du nord de l'Espagne chère à Salvador Dali, où il est né et mort Figueras
39%
Ville californienne de 500 000 habitants, située dans la vallée de San Joaquin Fresno
33%
Ville la plus peuplée du Dakota du Nord, bien qu'elle ne soit pas la capitale Fargo
28%
Ville de Charente-Maritime qui rappelle bien Fort Boyard Fouras
24%
Capitale de l'Ile Christmas, un territoire australien près de l'Indonésie Flying Fish Cove
10%
Ville portugaise du district de Coïmbra, où se trouve le Palacio Sotto Mayor Figueira da Foz
6%
Ville tchadienne du département de Borkou, dans le Djourab, près des monts Tibesti Faya-Largeau
4%
Ville japonaise de 265 000 habitants, située sur la côte nord de Honshu Fukui
3%
Ville non loin de la précédente, et qui en appelle à la bonne chance Fort Good Hope
2%
Ville côtière de la Somme, situé dans le Parc du Marquenterre Fort-Mahon-Plage
2%
Ville des Territoires-du-Nord-Ouest, au Canada, dans la région d'Inuvik Fort McPherson
2%
Aucun quiz correspondant
Distribution des résultats
% des personnes avec chaque résultat
Percentile par nombre de réponses
Votre historique - résultats
Vous n’avez pas pris ce quiz